000 00695nam a2200241Ia 4500
003 OSt
005 20220916111031.0
006 a|||||r|||| 00| 0
007 ta
008 220915b |||||||| |||| 00| 0 eng d
024 _a124125
037 _cTextbook
040 _beng
_aARTS
_cARTS
041 _aeng
082 _aV671:1:N5, K1
100 _aSafran Nadav
245 0 _aEgypt in search of political Community : analysis of the intellectual and political evolution of Egypt 1804-1952
260 _aCambridge
_bHarvard University Press
300 _a298p
_ccm.
650 _aHISTORY
942 _hV671:1:N5, K1
_cTB
_2CC
999 _c104025
_d104025